000 01069nam a22002657a 4500
001 BD-DhSAU#14538
003 BD-DhSAU
005 20190304162949.0
008 150613b2011 bg a||||r|||| 000 0 eng d
040 _aBD-DhSAU
082 _222
_a630.2
_bSa738
100 _a Bittam Kumar Sarkar
_eRegistration No. #10-04102
245 _aPhytotoxic effects of some medicinal plants on germination and seeding growth of some selected plants /
_bMS thesis
_cSarkar, Bittam Kumar
260 _aSher-e- Bangla Agricultural University :
_bDepartment of Chemistry,
_c2017
300 _aix, 81 p. :
_bill. ;
_c30 cm.
500 _aMS thesis of Department of Chemistry, Faculty of Agriculture, Sher-e-Bangla Agricultural University, Dhaka, Bangladesh
590 _aroy
650 _aChemistry.
650 _a seeding growth
650 _a medicinal plants
700 _aBegum. Rokeya
_eSupervisor
700 _aKhan, Md. Sirajul Islam
_eCo-Supervisor
856 _uhttp://archive.saulibrary.edu.bd:8080/xmlui/handle/123456789/2258
_yOnline Access
942 _2ddc
_cTHESIS
999 _c14540
_d14539